| 000 | 02338cam a2200385 4500 | ||
|---|---|---|---|
| 001 | L129292 | ||
| 002 | 8284 | ||
| 008 | 050408n2005 000 0 eng u | ||
| 020 | _a092215483X | ||
| 035 | _a(Sirsi) u129292 | ||
| 041 | _aeng | ||
| 050 |
_a333.332091 _c18 |
||
| 110 |
_aInternational Valuation Standards Committee _93611 |
||
| 245 | _aInternational valuation standards 2005 | ||
| 250 | _a7th ed. | ||
| 260 |
_aLondon _bInternational Valuation Standards Committee _c2005 |
||
| 300 |
_axvi, 459p. _c21cm. |
||
| 350 | _a35.00 | ||
| 490 |
_aInternational Valuation Standards _v2005 |
||
| 490 | _aInternational Valuation Applications | ||
| 490 | _aISVC Guidance Notes | ||
| 505 | _aIntroduction. | ||
| 505 | _aGeneral valuation concepts and principles. | ||
| 505 | _aCode of conduct. | ||
| 505 | _aProperty types. | ||
| 505 | _aInternational valuation standards: IVS1 market value basis of valuation; IVS2 valuation bases other than market value; IVS3 valuation reporting. | ||
| 505 | _aInternational valuation applications: IVA1 valuation for financial reporting; IVA2 valuation for lending purposes. | ||
| 505 | _aGuidance notes: GN1 real property valuation; GN2 valuation of lease interests; GN3 valuation of plant and equipment; GN4 valuation of intangible assets; GN5 valuation of personal property; GN6 business valuation; GN7 consideration of hazardous and toxic substances in valuation; GN8 depreciated replacement cost (DRC); GN9 discounted cash flow (DCF) analysis for market and non-market based valuations; GN10 valuation of agricultural properties; GN11 reviewing valuations; GN12 valuation of specialised trading property; GN13 Mass appraisal for property taxation; GN14 Valuation of properties in the extractive industries | ||
| 505 | _aWhite paper: valuation in emerging markets. | ||
| 505 | _aGlossary of terms for IVS. | ||
| 520 | _a"International valuation standards 2005" may be viewed online free of charge following registration. IVSC authorises you to view and download a single copy solely for your personal, non-commercial use. View at www.ivsc.org/standards/index.html. | ||
| 520 | _aSuperseded by eighth edition (ISBN 9780922154944). | ||
| 856 |
_uhttps://www.ivsc.org/standards/index.html _zView "International valuation standards 2005" on the IVSC website... |
||
| 942 | _n0 | ||
| 999 |
_c104138 _d104138 |
||